[Event "Tudo pela AMAZONIA !!SELVA!!"]
[Site "http://www.queenalice.com/game.php?id=300814"]
[Date "2007.11.9"]
[Round "-"]
[White "charlao"]
[Black "leandropiccolo"]
[Result "1-0"]
[WhiteElo "1536"]
[BlackElo "1371"]

1. e4 e5 2. Nc3 Nc6 3. Qf3 Nd4 4. Qd3 d6 5. Nge2 Qf6 6. Nd5 Qg6 7. Nxc7+ Kd7 8.
Nxa8 d5 9. Nxd4 dxe4 10. Qb5+ Kd8 11. Qa5+ Kd7 12. Qc7+ Ke8 13. Bb5+ Bd7 14.
Qxd7# 1-0

[Event "Challenge"]
[Site "http://www.queenalice.com/game.php?id=300816"]
[Date "2007.11.9"]
[Round "-"]
[White "otnedia1"]
[Black "leandropiccolo"]
[Result "1-0"]
[WhiteElo "1438"]
[BlackElo "1357"]

1. e4 e5 2. Nf3 d6 3. Bb5+ c6 4. Ba4 b5 5. Bb3 Nf6 6. Nc3 d5 7. Qe2 Ng4 8. h3
Nf6 9. exd5 cxd5 10. Nxb5 Ba6 11. Qxe5+ Be7 12. Nc7+ Kd7 13. Ba4+ Nc6 14. Nxa8
Qxa8 15. Qe3 d4 16. Qxd4+ Bd6 17. c4 Re8+ 18. Kd1 Kc7 19. c5 1-0

[Event "Challenge"]
[Site "http://www.queenalice.com/game.php?id=300820"]
[Date "2007.11.9"]
[Round "-"]
[White "otnedia1"]
[Black "leandropiccolo"]
[Result "1-0"]
[WhiteElo "1451"]
[BlackElo "1344"]

1. e4 e5 2. Nf3 Nf6 3. Nc3 Ng4 4. d4 exd4 5. Nxd4 Bc5 6. Qxg4 Bxd4 7. Qxg7 Bxg7
8. Be2 Nc6 9. O-O Nb4 10. Bf4 Nxc2 11. Rac1 Nd4 12. Bc4 a6 13. Rcd1 Nc2 14. Rd2
Nd4 15. b4 Qf6 16. Nd5 Qg6 17. Nxc7+ Kd8 18. Nxa8 Re8 19. Bc7+ 1-0

[Event "Vamos mais um jogo?"]
[Site "http://www.queenalice.com/game.php?id=300871"]
[Date "2007.11.9"]
[Round "-"]
[White "charlao"]
[Black "leandropiccolo"]
[Result "0-1"]
[WhiteElo "1569"]
[BlackElo "1361"]

1. e4 e5 2. d4 d6 3. dxe5 dxe5 4. Nd2 Nf6 5. Bb5+ c6 6. Bd3 Ng4 7. Be2 Nf6 8.
Ngf3 h6 9. Nxe5 Be6 10. Nxf7 Kxf7 11. e5 Nh7 12. Bg4 Bd5 13. Nf3 h5 14. Bxh5+ g6
15. Bxg6+ Kxg6 16. Bf4 Qe7 17. O-O Nd7 18. Re1 Nc5 19. b3 a5 20. c4 Be6 21. Qc2+
Bf5 22. Qd2 Nd3 23. Re2 Qd8 24. Be3 Bb4 25. Bb6 Qxb6 26. Qd1 Ng5 27. Re3 Rad8
28. Nxg5 Bc5 29. Ne6 Nxf2 30. Rg3+ Kh6 31. Qd2+ Rxd2 0-1

[Event "AUTO-INT-679"]
[Site "http://www.queenalice.com/game.php?id=300957"]
[Date "2007.11.9"]
[Round "1"]
[White "yancarlosss"]
[Black "leandropiccolo"]
[Result "1-0"]
[WhiteElo "1452"]
[BlackElo "1400"]

1. e4 e5 2. Nf3 Nf6 3. d4 Nxe4 4. dxe5 Bc5 5. Qd5 b6 6. Bc4 Rf8 7. Qxe4 g6 8.
Bg5 f6 9. exf6+ Be7 10. fxe7 Rf4 11. exd8=Q# 1-0

[Event "AUTO-INT-679"]
[Site "http://www.queenalice.com/game.php?id=300958"]
[Date "2007.11.9"]
[Round "1"]
[White "leandropiccolo"]
[Black "yancarlosss"]
[Result "1-0"]
[WhiteElo "1205"]
[BlackElo "1303"]

1. e4 e5 2. d3 Nf6 3. Nf3 Nc6 4. Ng5 Bc5 5. h3 O-O 6. h4 d5 7. exd5 Nxd5 8. c4
Nf4 9. g3 Ne6 10. Nc3 Ned4 11. Nd5 Ne7 12. Bg2 c6 13. Ne4 Bb6 14. c5 Ba5+ 15. b4
1-0

[Event "AUTO-INT-679"]
[Site "http://www.queenalice.com/game.php?id=300975"]
[Date "2007.11.9"]
[Round "1"]
[White "leandropiccolo"]
[Black "golfman"]
[Result "0-1"]
[WhiteElo "1326"]
[BlackElo "1850"]

1. e4 e6 2. d3 Qh4 3. Nh3 d5 4. c3 e5 5. g3 Qg4 6. f3 Qh5 7. g4 Qh4+ 8. Nf2 Be6
9. Bh3 dxe4 10. fxe4 Bc5 11. Rf1 Bxf2+ 12. Rxf2 Qxh3 13. c4 Nc6 0-1

[Event "AUTO-INT-679"]
[Site "http://www.queenalice.com/game.php?id=300976"]
[Date "2007.11.9"]
[Round "1"]
[White "golfman"]
[Black "leandropiccolo"]
[Result "1-0"]
[WhiteElo "1850"]
[BlackElo "1326"]

1. d4 e6 2. e4 a5 3. Nf3 Nf6 4. e5 Ne4 5. c3 Nc6 6. Bd3 Nxf2 7. Kxf2 h6 8. Bf4
b6 9. h3 g5 10. Bh2 a4 11. Nbd2 Ra5 12. Ne4 Bg7 13. Re1 f5 14. exf6 1-0

[Event "AUTO-OPEN-896"]
[Site "http://www.queenalice.com/game.php?id=301015"]
[Date "2007.11.9"]
[Round "1"]
[White "rsgaspar"]
[Black "leandropiccolo"]
[Result "1-0"]
[WhiteElo "1725"]
[BlackElo "1330"]

1. e4 e5 2. Nf3 d6 3. h3 Nf6 4. d3 Nc6 5. c3 a5 6. Be2 h6 7. Be3 Nh5 8. Nxe5
dxe5 9. Bxh5 g6 10. Be2 b5 11. a4 bxa4 12. Qxa4 Bd7 13. Qc4 Be6 14. Qxc6+ Ke7
15. Bc5+ Kf6 16. Bxf8 Rxf8 17. Bg4 Re8 18. O-O Kg7 19. Bxe6 Rxe6 20. Qc4 c6 21.
Nd2 a4 22. Rfd1 1-0

[Event "AUTO-OPEN-896"]
[Site "http://www.queenalice.com/game.php?id=301016"]
[Date "2007.11.9"]
[Round "1"]
[White "leandropiccolo"]
[Black "rsgaspar"]
[Result "0-1"]
[WhiteElo "1332"]
[BlackElo "1723"]

1. e4 e5 2. d3 Bc5 3. h4 Qf6 4. Nh3 d6 5. Bg5 Qg6 6. Be2 h6 7. Bh5 Qe6 8. Bd2
Qf6 9. Rf1 Qxh4 10. Bg5 Bxf2+ 11. Rxf2 Qg3 12. Ke2 Bg4+ 13. Bxg4 Qxg4+ 14. Ke1
Qxd1+ 15. Kxd1 hxg5 16. Nxg5 f6 17. Ne6 Kd7 18. Nxg7 Rh1+ 19. Kd2 Nc6 20. g4 Nd4
21. g5 fxg5 0-1

[Event "nega...."]
[Site "http://www.queenalice.com/game.php?id=301312"]
[Date "2007.11.9"]
[Round "-"]
[White "charlao"]
[Black "leandropiccolo"]
[Result "1-0"]
[WhiteElo "1557"]
[BlackElo "1365"]

1. e4 e5 2. d4 d6 3. dxe5 dxe5 4. Nd2 Nc6 5. Bb5 a6 6. Bxc6+ bxc6 7. Ngf3 Nf6 8.
Nxe5 Ng4 9. Nxg4 h5 10. Ne5 f6 11. Nxc6 Qd7 12. Na5 Rb8 13. Nac4 f5 14. O-O fxe4
15. Nxe4 Qe7 16. Bg5 Qxe4 17. Qd8+ Kf7 18. Qxc7+ Be7 19. Nd6+ Kf8 20. Nxe4 Rb7
21. Qxc8+ Kf7 22. Qxh8 Kg6 23. Qe8+ 1-0